Chanson par lieux #1 - Statistiques

Statistiques générales
  • Ce quiz a été pris 120 fois
  • Le résultat moyen est 8 sur 20
Statistiques - réponses
Par images Hint Réponse % Correct
Joe Dassin Les champs-elysées
93%
Vanessa Paradis & M La Seine
88%
Michel Sardou Les lacs du Connemara
82%
Jacque Brel Amsterdam
71%
Renaud & Axelle Red Manhattan Kaboul
67%
Nekfeu Saturne
64%
Scott McKenzie San Francisco
57%
Duran Duran Rio
56%
Manau La Tribu de Dana
50%
Boulevard des Airs Bruxelles
38%
Jay-Z et Alicia Keys Empire state of mind
38%
Johann Strauss II Le beau danube bleu
35%
Luis Mariano Mexico
30%
The clash London Calling
22%
Ed Sheeran Galway girl
11%
Tri Yann Les prisons de Nantes
11%
Bruce Springsteen Streets of Philadelphia
11%
Biglo & Oli Ici c'est Toulouse
4%
Coldplay Moon music
2%
The church Under the Milky Way
0%
Aucun quiz correspondant
Distribution des résultats
% des personnes avec chaque résultat
Percentile par nombre de réponses
Votre historique - résultats
Vous n’avez pas pris ce quiz